[Event "Bob Wade mem Challengers 2"]
[Site "Howick"]
[Date "2023.01.14"]
[Round "1"]
[White "Fuatai, Fuatai"]
[Black "Tang, Tracy"]
[Result "0-1"]
[WhiteElo "1942"]
[BlackElo "1379"]
[PlyCount "68"]
[EventDate "2023.01.14"]
[EventType "tourn"]
[EventRounds "9"]
[EventCountry "NZL"]
[SourceTitle "EXT 2024"]
[Source "ChessBase"]
[SourceDate "2023.10.10"]
[SourceVersion "1"]
[SourceVersionDate "2023.10.10"]
[SourceQuality "1"]

1. e4 e6 2. d4 d5 3. Nc3 Nf6 4. e5 Nfd7 5. f4 c5 6. Nf3 Nc6 7. Be3 cxd4 8. Nxd4 Nxd4 9. Bxd4 Bc5 10. Be2 a6 11. a3 b5 12. b4 Bxd4 13. Qxd4 Qb6 14. Rd1 Bb7 15. 0-0 Rc8 16. Rf3 0-0 17. Rh3 Rc7 18. Qxb6 Nxb6 19. Bd3 g6 20. Ne2 Nc4 21. Nd4 Rfc8 22. g4 Nb2 23. Re1 Rc3 24. Ree3 Rxa3 25. f5 Nxd3 26. cxd3 Ra2 27. Re1 exf5 28. gxf5 Rb2 29. e6 fxe6 30. fxe6 Rxb4 31. e7 Re8 32. Rh4 Bc8 33. Re5 Bf5 34. Nc6 Rxh4 0-1

[Event "NZL-ch op 124th"]
[Site "Wellington"]
[Date "2017.01.03"]
[Round "3"]
[White "Fuatai, Fuatai"]
[Black "Morrell, Gordon"]
[Result "0-1"]
[WhiteElo "2001"]
[BlackElo "2089"]
[PlyCount "130"]
[EventDate "2017.01.01"]
[EventType "swiss"]
[EventRounds "9"]
[EventCountry "NZL"]
[SourceTitle "CBM 176 Extra"]
[Source "ChessBase"]
[SourceDate "2017.03.02"]
[SourceVersion "1"]
[SourceVersionDate "2017.03.02"]
[SourceQuality "1"]

1. e4 c5 2. Nf3 Nc6 3. d4 cxd4 4. Nxd4 Nf6 5. Nxc6 bxc6 6. Bd3 e5 7. c4 Bc5 8. Nc3 0-0 9. 0-0 h6 10. Qf3 Qe7 11. Re1 Rb8 12. Rb1 d6 13. h3 Be6 14. a3 a5 15. Ne2 Rb3 16. Bd2 Nxe4 17. Qxe4 f5 18. Qxc6 Rxd3 19. Bxa5 Qa7 20. Nc1 Bxf2+ 21. Kh2 Bg3+ 22. Kh1 Bxe1 23. Bb6 Qa8 24. Qxa8 Rxa8 25. Nxd3 Bg3 26. Rc1 Rb8 27. c5 dxc5 28. Bxc5 Rb3 29. Rc3 Rxc3 30. bxc3 e4 31. Nf2 Bb3 32. Kg1 Kf7 33. Bd4 g5 34. Nh1 Bd6 35. Nf2 Bxa3 36. g4 Kg6 37. gxf5+ Kxf5 38. Ng4 h5 39. Ne3+ Kf4 40. Kf2 Be6 41. Ng2+ Kf5 42. Ne3+ Kg6 43. Kg2 g4 44. hxg4 Bxg4 45. c4 Be6 46. c5 h4 47. Nc2 Bc1 48. Be5 Kf5 49. Bd6 Kg4 50. Kf2 Bf4 51. Ne3+ Kg5 52. Ng2 Bxd6 53. cxd6 h3 54. Ne3 Kf4 55. Nf1 Bd7 56. Nh2 e3+ 57. Ke2 Bb5+ 58. Ke1 Bc6 59. Ke2 Ke4 60. Ng4 Bb5+ 61. Ke1 Kf3 62. Nh2+ Kg2 63. Nf1 e2 64. Ne3+ Kf3 65. Ng4 Kxg4 0-1

[Event "NZL-ch Major op"]
[Site "Devonport"]
[Date "2016.01.08"]
[Round "7"]
[White "Goh, Sean Christian"]
[Black "Fuatai, Fuatai"]
[Result "1/2-1/2"]
[WhiteElo "1739"]
[BlackElo "1971"]
[PlyCount "44"]
[EventDate "2016.01.02"]
[EventType "swiss"]
[EventRounds "9"]
[EventCountry "NZL"]
[SourceTitle "EXT 2018"]
[Source "ChessBase"]
[SourceDate "2017.10.13"]
[SourceVersion "1"]
[SourceVersionDate "2017.10.13"]
[SourceQuality "1"]

1. d4 d5 2. Nf3 Nf6 3. e3 g6 4. Be2 Bg7 5. b3 0-0 6. Bb2 Bg4 7. h3 Bf5 8. g4 Bc8 9. g5 Nfd7 10. h4 Nc6 11. h5 e5 12. Rg1 a6 13. Nc3 Nb6 14. dxe5 Nxe5 15. Nxe5 Bxe5 16. f4 Bg7 17. Na4 Nxa4 18. Bxg7 Kxg7 19. Qd4+ Kg8 20. hxg6 fxg6 21. bxa4 Be6 22. Rh1 Qe7 1/2-1/2

[Event "NZL-ch Major op"]
[Site "Devonport"]
[Date "2016.01.07"]
[Round "6"]
[White "Fuatai, Fuatai"]
[Black "Vinod, Kumar"]
[Result "1/2-1/2"]
[WhiteElo "1971"]
[BlackElo "1939"]
[PlyCount "24"]
[EventDate "2016.01.02"]
[EventType "swiss"]
[EventRounds "9"]
[EventCountry "NZL"]
[SourceTitle "EXT 2018"]
[Source "ChessBase"]
[SourceDate "2017.10.13"]
[SourceVersion "1"]
[SourceVersionDate "2017.10.13"]
[SourceQuality "1"]

1. e4 c5 2. Nf3 d6 3. d4 cxd4 4. Nxd4 Nf6 5. Nc3 a6 6. Bc4 e6 7. 0-0 Nc6 8. a4 Be7 9. Bb3 0-0 10. f4 Qc7 11. Be3 Bd7 12. Qf3 Na5 1/2-1/2

[Event "NZL-ch Major op"]
[Site "Devonport"]
[Date "2016.01.06"]
[Round "5"]
[White "Lyall, Simon"]
[Black "Fuatai, Fuatai"]
[Result "0-1"]
[WhiteElo "1811"]
[BlackElo "1971"]
[PlyCount "102"]
[EventDate "2016.01.02"]
[EventType "swiss"]
[EventRounds "9"]
[EventCountry "NZL"]
[SourceTitle "EXT 2018"]
[Source "ChessBase"]
[SourceDate "2017.10.13"]
[SourceVersion "1"]
[SourceVersionDate "2017.10.13"]
[SourceQuality "1"]

1. e4 Nf6 2. e5 Nd5 3. c4 Nb6 4. c5 Nd5 5. Nc3 e6 6. d4 Nxc3 7. bxc3 b6 8. Qg4 bxc5 9. Bg5 Be7 10. Bxe7 Qxe7 11. Qxg7 Rf8 12. Nf3 cxd4 13. Nxd4 Nc6 14. Nxc6 Qc5 15. Qg3 Qxc6 16. Be2 Qe4 17. Kf1 Rb8 18. Bd3 Qd5 19. c4 Qd4 20. Rd1 Ba6 21. Qe3 Qxe3 22. fxe3 Rb2 23. Rc1 Rxa2 24. Be2 Rg8 25. Kf2 Rg5 26. Ra1 Bxc4 27. Rxa2 Bxa2 28. Ra1 Bd5 29. g4 Rxe5 30. Rxa7 Kd8 31. Ra5 d6 32. Rb5 Kc8 33. Rb4 Re4 34. Rb5 c5 35. Ra5 Rb4 36. Ra7 Rb2 37. Kf1 e5 38. Re7 Kd8 39. Ra7 Ra2 40. Rxa2 Bxa2 41. g5 Bb1 42. Bc4 Ke7 43. Bd5 Bf5 44. Ke2 f6 45. h4 fxg5 46. hxg5 Kf8 47. Kf3 Kg7 48. Kg3 Bd3 49. e4 Kg6 50. Kh4 c4 51. Be6 c3 0-1

[Event "NZL-ch op 122nd"]
[Site "Auckland"]
[Date "2015.01.08"]
[Round "8"]
[White "Fuatai, Fuatai"]
[Black "Ang, Alphaeus Wei Ern"]
[Result "0-1"]
[WhiteElo "2089"]
[BlackElo "2009"]
[PlyCount "60"]
[EventDate "2015.01.01"]
[EventType "swiss"]
[EventRounds "9"]
[EventCountry "NZL"]
[SourceTitle "CBM 164 Extra"]
[Source "ChessBase"]
[SourceDate "2015.03.02"]
[SourceVersion "1"]
[SourceVersionDate "2015.03.02"]
[SourceQuality "1"]

1. e4 Nc6 2. d4 d5 3. e5 Bf5 4. f4 e6 5. Nf3 f6 6. Bd3 Bxd3 7. Qxd3 Qd7 8. 0-0 0-0-0 9. a3 Nh6 10. b4 Be7 11. Bd2 a6 12. Nc3 b5 13. Rfb1 fxe5 14. fxe5 Nf5 15. Na4 bxa4 16. Qxa6+ Kb8 17. b5 Na7 18. b6 cxb6 19. Rxb6+ Ka8 20. Rxe6 Rb8 21. Rb6 Rxb6 22. Qxb6 Rb8 23. Qa5 Qb5 24. Qc3 Rc8 25. Qd3 Qxd3 26. cxd3 Nb5 27. Bb4 Bxb4 28. axb4 a3 29. g4 Ne3 30. e6 Nc2 0-1

[Event "Sydney op-A"]
[Site "Parramatta"]
[Date "2013.04.06"]
[Round "7"]
[White "Selnes, Hamish"]
[Black "Fuatai, Fuatai"]
[Result "1/2-1/2"]
[WhiteElo "1886"]
[BlackElo "2021"]
[PlyCount "74"]
[EventDate "2013.04.03"]
[EventType "swiss"]
[EventRounds "9"]
[EventCountry "AUS"]
[SourceTitle "EXT 2023"]
[Source "ChessBase"]
[SourceDate "2022.10.05"]
[SourceVersion "1"]
[SourceVersionDate "2022.10.05"]
[SourceQuality "1"]

1. d4 d5 2. c4 e6 3. Nc3 c5 4. cxd5 cxd4 5. Qxd4 Nc6 6. Qd1 exd5 7. e3 Nf6 8. Nf3 Bd6 9. Be2 0-0 10. 0-0 h6 11. Nb5 Bb8 12. b3 a6 13. Nbd4 Ne4 14. Bb2 Bg4 15. Rc1 Qd6 16. Nxc6 bxc6 17. Be5 Qa3 18. Bxb8 Rfxb8 19. Ne5 Bxe2 20. Qxe2 c5 21. f3 Nf6 22. Rc2 Re8 23. Nd3 c4 24. bxc4 dxc4 25. Nf4 g5 26. Nh3 Qxe3+ 27. Qxe3 Rxe3 28. Rxc4 Ra3 29. Rc2 Re8 30. Rd1 Kg7 31. Kf1 g4 32. Ng1 Re5 33. Rd4 Rea5 34. fxg4 Rxa2 35. Rxa2 Rxa2 36. Ne2 a5 37. Nc3 Ra3 1/2-1/2

[Event "Sydney op-A"]
[Site "Parramatta"]
[Date "2013.04.04"]
[Round "4"]
[White "Fuatai, Fuatai"]
[Black "Davis, Tony J"]
[Result "0-1"]
[WhiteElo "2021"]
[BlackElo "1922"]
[PlyCount "62"]
[EventDate "2013.04.03"]
[EventType "swiss"]
[EventRounds "9"]
[EventCountry "AUS"]
[SourceTitle "EXT 2023"]
[Source "ChessBase"]
[SourceDate "2022.10.05"]
[SourceVersion "1"]
[SourceVersionDate "2022.10.05"]
[SourceQuality "1"]

1. e4 d5 2. exd5 Qxd5 3. Nc3 Qd6 4. d4 Nf6 5. h3 a6 6. Nf3 Nc6 7. Bc4 b5 8. Bb3 e6 9. 0-0 Be7 10. a4 b4 11. Ne2 Bb7 12. a5 0-0 13. c3 Rad8 14. Ng3 Na7 15. Be3 Nb5 16. c4 Bxf3 17. gxf3 Nxd4 18. c5 Qd7 19. Ba4 Qd5 20. Bxd4 Qxd4 21. Qe2 Bxc5 22. Rac1 Rd5 23. Rfd1 Qf4 24. Kg2 Rxd1 25. Rxd1 h5 26. Bc6 h4 27. Ne4 Nxe4 28. Bxe4 Bd6 29. Qxa6 Qh2+ 30. Kf1 Bc5 31. Qe2 Qh1# 0-1

[Event "Sydney op-A"]
[Site "Parramatta"]
[Date "2013.04.03"]
[Round "1"]
[White "Zhao, Zong Yuan"]
[Black "Fuatai, Fuatai"]
[Result "1-0"]
[WhiteElo "2537"]
[BlackElo "2021"]
[PlyCount "31"]
[EventDate "2013.04.03"]
[EventType "swiss"]
[EventRounds "9"]
[EventCountry "AUS"]
[SourceTitle "EXT 2023"]
[Source "ChessBase"]
[SourceDate "2022.10.05"]
[SourceVersion "1"]
[SourceVersionDate "2022.10.05"]
[SourceQuality "1"]

1. e4 c5 2. Nf3 d6 3. d4 cxd4 4. Nxd4 Nf6 5. Nc3 a6 6. Be3 e5 7. Nf3 Be7 8. Bc4 0-0 9. 0-0 b5 10. Bd5 Nxd5 11. Qxd5 Qd7 12. Qxa8 Bb7 13. Nxe5 dxe5 14. Qa7 Nc6 15. Qb6 Rb8 16. Rad1 1-0

[Event "NZL-ch 120th"]
[Site "Wellington"]
[Date "2013.01.05"]
[Round "6"]
[White "Fuatai, Fuatai"]
[Black "Reedy, Brendan"]
[Result "1-0"]
[WhiteElo "2018"]
[BlackElo "2025"]
[PlyCount "89"]
[EventDate "2012.12.31"]
[EventType "swiss"]
[EventRounds "11"]
[EventCountry "NZL"]
[SourceTitle "CBM 152 Extra"]
[Source "ChessBase"]
[SourceDate "2013.02.25"]
[SourceVersion "1"]
[SourceVersionDate "2013.02.25"]
[SourceQuality "1"]

1. e4 c5 2. Nf3 d6 3. d4 cxd4 4. Nxd4 Nf6 5. Nc3 e6 6. Bc4 Be7 7. Bb3 0-0 8. Bg5 a6 9. Qd2 b5 10. a3 Bd7 11. 0-0-0 Nc6 12. Nxc6 Bxc6 13. f3 Qc7 14. g4 a5 15. Ne2 a4 16. Ba2 Rfc8 17. Bxf6 gxf6 18. g5 fxg5 19. Rdg1 Bf6 20. Rxg5+ Kf8 21. Nd4 Bd7 22. e5 dxe5 23. Rg8+ Ke7 24. Rxc8 Rxc8 25. Qb4+ Ke8 26. Rg1 Bc6 27. Rg8+ Kd7 28. Rxc8 Qxc8 29. Nxb5 Qb8 30. Bc4 Bg5+ 31. Kb1 Bxf3 32. Qxa4 Ke7 33. Qb4+ Kf6 34. Qc3 Bg4 35. a4 Qa8 36. a5 Qh1+ 37. Ka2 Qxh2 38. a6 Qf2 39. a7 Bf3 40. Qa3 Ba8 41. Bd3 Qb6 42. Nd6 Kg7 43. Be4 Qd8 44. Bxa8 Qxa8 45. Ne8+ 1-0

[Event "NZL-ch 120th"]
[Site "Wellington"]
[Date "2013.01.03"]
[Round "4"]
[White "Thomas, Benjamin"]
[Black "Fuatai, Fuatai"]
[Result "1/2-1/2"]
[WhiteElo "2260"]
[BlackElo "2018"]
[PlyCount "82"]
[EventDate "2012.12.31"]
[EventType "swiss"]
[EventRounds "11"]
[EventCountry "NZL"]
[SourceTitle "CBM 152 Extra"]
[Source "ChessBase"]
[SourceDate "2013.02.25"]
[SourceVersion "1"]
[SourceVersionDate "2013.02.25"]
[SourceQuality "1"]

1. e4 c5 2. Nf3 d6 3. c3 Nc6 4. Bb5 Bd7 5. 0-0 Nf6 6. Re1 e5 7. d4 Qc7 8. d5 Nb8 9. Bxd7+ Nbxd7 10. b4 g6 11. a4 Bg7 12. Nbd2 0-0 13. Nf1 Nh5 14. g3 Ndf6 15. bxc5 Qxc5 16. Qd3 Rac8 17. Bd2 Ng4 18. Re2 f5 19. Ng5 Nxf2 20. Rxf2 Qxf2+ 21. Kh1 fxe4 22. Nxe4 Qf3+ 23. Qxf3 Rxf3 24. Kg2 Rff8 25. a5 Nf6 26. Nxd6 Rcd8 27. Nxb7 Rxd5 28. Be3 a6 29. Nc5 Rd6 30. Rb1 Ng4 31. Bg1 Bh6 32. h3 Nf6 33. c4 Nd7 34. Ne4 Rd3 35. c5 Rc8 36. Rb7 Rc6 37. Ra7 Bf8 38. Ra8 Kg7 39. Ra7 Kg8 40. Ra8 Kg7 41. Ra7 Kg8 1/2-1/2

[Event "Queenstown op"]
[Site "Queenstown"]
[Date "2012.01.22"]
[Round "8"]
[White "Fuatai, Fuatai"]
[Black "Press, Harry"]
[Result "1-0"]
[WhiteElo "2031"]
[BlackElo "1884"]
[PlyCount "59"]
[EventDate "2012.01.15"]
[EventType "swiss"]
[EventRounds "9"]
[EventCountry "NZL"]
[SourceTitle "CBM 146 Extra"]
[Source "ChessBase"]
[SourceDate "2012.02.29"]
[SourceVersion "1"]
[SourceVersionDate "2012.02.29"]
[SourceQuality "1"]

1. e4 c5 2. Nf3 e6 3. d4 cxd4 4. Nxd4 a6 5. c4 Nf6 6. Nc3 Bb4 7. Bd3 d6 8. Qa4+ Nc6 9. Nxc6 Bxc3+ 10. bxc3 Qd7 11. Ba3 bxc6 12. e5 dxe5 13. Rd1 c5 14. Qa5 Qc6 15. Bxc5 Nd7 16. Ba3 Bb7 17. f3 Qb6 18. Qxb6 Nxb6 19. Rb1 Nxc4 20. Bxc4 Bd5 21. Bxd5 exd5 22. Rb7 0-0-0 23. Rxf7 Rd7 24. Rxd7 Kxd7 25. Kd2 Kc6 26. Kd3 Rb8 27. Re1 Re8 28. Bc1 Kc5 29. Bf4 Kd6 30. Rxe5 1-0

[Event "Oceania zt"]
[Site "Rotorua"]
[Date "2011.01.28"]
[Round "5"]
[White "Oliver, Gareth"]
[Black "Fuatai, Fuatai"]
[Result "1-0"]
[WhiteElo "2210"]
[BlackElo "2015"]
[PlyCount "47"]
[EventDate "2011.01.25"]
[EventType "swiss"]
[EventRounds "9"]
[EventCountry "NZL"]
[SourceTitle "CBM 140 Extra"]
[Source "ChessBase"]
[SourceDate "2011.03.01"]
[SourceVersion "1"]
[SourceVersionDate "2011.03.01"]
[SourceQuality "1"]

1. d4 Nf6 2. c4 g6 3. Nc3 d5 4. cxd5 Nxd5 5. Bd2 Bg7 6. e4 Nb6 7. Be3 0-0 8. Bb5 a6 9. Be2 Nc6 10. d5 Ne5 11. Bd4 h5 12. f4 Ng4 13. Bxg7 Kxg7 14. h3 Nh6 15. Qd4+ f6 16. 0-0-0 c6 17. g4 hxg4 18. hxg4 Bxg4 19. Bxg4 Nxg4 20. Nh3 Qc7 21. Rdg1 e5 22. Qd1 Ne3 23. Qh5 Qf7 24. f5 1-0

[Event "NZL-ch 118th"]
[Site "Auckland"]
[Date "2011.01.11"]
[Round "10"]
[White "Fuatai, Fuatai"]
[Black "Bennett, Hilton Petrie"]
[Result "0-1"]
[WhiteElo "2015"]
[BlackElo "1974"]
[PlyCount "60"]
[EventDate "2011.01.02"]
[EventType "swiss"]
[EventRounds "11"]
[EventCountry "NZL"]
[SourceTitle "CBM 140 Extra"]
[Source "ChessBase"]
[SourceDate "2011.03.01"]
[SourceVersion "1"]
[SourceVersionDate "2011.03.01"]
[SourceQuality "1"]

1. e4 g6 2. d4 Bg7 3. Be3 d6 4. Nc3 a6 5. f4 b5 6. a3 Nd7 7. Nf3 e6 8. Bd3 Ne7 9. Qd2 f5 10. 0-0-0 0-0 11. Rhg1 c5 12. Ng5 cxd4 13. Bxd4 Bxd4 14. Nxe6 Qb6 15. Nxd4 Qxd4 16. b3 Qf6 17. Kb1 Nc5 18. g4 fxg4 19. f5 Nxd3 20. Qxd3 gxf5 21. exf5 Bxf5 22. Qd2 Rac8 23. Rg3 Kh8 24. h3 Rc6 25. hxg4 Bg6 26. Re3 Rfc8 27. g5 Qg7 28. Kb2 a5 29. b4 axb4 30. axb4 Nd5 0-1

[Event "NZL-ch 118th"]
[Site "Auckland"]
[Date "2011.01.09"]
[Round "8"]
[White "Taylor, Richard"]
[Black "Fuatai, Fuatai"]
[Result "0-1"]
[WhiteElo "1929"]
[BlackElo "2015"]
[PlyCount "54"]
[EventDate "2011.01.02"]
[EventType "swiss"]
[EventRounds "11"]
[EventCountry "NZL"]
[SourceTitle "CBM 140 Extra"]
[Source "ChessBase"]
[SourceDate "2011.03.01"]
[SourceVersion "1"]
[SourceVersionDate "2011.03.01"]
[SourceQuality "1"]

1. e4 c5 2. Nf3 d6 3. d4 cxd4 4. Nxd4 Nf6 5. Nc3 a6 6. Bg5 e6 7. f4 Be7 8. Qf3 Qc7 9. 0-0-0 0-0 10. Bd3 Nbd7 11. Qg3 Re8 12. Rhf1 b5 13. Bh6 g6 14. e5 dxe5 15. Nxe6 Qc6 16. Bxg6 fxg6 17. f5 Nh5 18. Qf2 Ndf6 19. Nd5 Nxd5 20. Rxd5 Bxe6 21. Rxe5 Bf7 22. fxg6 Qxg6 23. g4 Qxh6+ 24. Kb1 Nf4 25. g5 Qg6 26. Qxf4 Bd6 27. Rxe8+ Rxe8 0-1

[Event "NZL-ch 118th"]
[Site "Auckland"]
[Date "2011.01.04"]
[Round "3"]
[White "Fuatai, Fuatai"]
[Black "Krstev, Antonio"]
[Result "0-1"]
[WhiteElo "2015"]
[BlackElo "2094"]
[PlyCount "80"]
[EventDate "2011.01.02"]
[EventType "swiss"]
[EventRounds "11"]
[EventCountry "NZL"]
[SourceTitle "CBM 140 Extra"]
[Source "ChessBase"]
[SourceDate "2011.03.01"]
[SourceVersion "1"]
[SourceVersionDate "2011.03.01"]
[SourceQuality "1"]

1. e4 e6 2. d4 d5 3. Nc3 Nf6 4. e5 Nfd7 5. f4 c5 6. Nf3 cxd4 7. Nxd4 Nc6 8. Be3 a6 9. a3 Bc5 10. Qd2 Nxd4 11. Bxd4 b5 12. Be2 Qb6 13. Rd1 0-0 14. Bf3 Bb7 15. Ne2 f6 16. c3 fxe5 17. fxe5 Rf5 18. b4 Bxd4 19. cxd4 Raf8 20. Rf1 Qd8 21. Kf2 Nb6 22. Kg1 Nc4 23. Qc1 Qb6 24. Kh1 Rc8 25. Nc3 h5 26. a4 bxa4 27. Nxa4 Qxb4 28. Nc5 Nxe5 29. Qa1 Nxf3 30. gxf3 Rxc5 31. dxc5 Qxc5 32. Rb1 Qc7 33. Qb2 Rf7 34. Qd4 e5 35. Qh4 g6 36. Rg1 Rg7 37. Qf6 d4 38. Rxg6 Bxf3+ 39. Qxf3 Rxg6 40. Qd5+ Kh8 0-1

[Event "NZL-ch 117th"]
[Site "Auckland"]
[Date "2010.01.12"]
[Round "11"]
[White "Marner, Gavin"]
[Black "Fuatai, Fuatai"]
[Result "1/2-1/2"]
[WhiteElo "2039"]
[BlackElo "2022"]
[PlyCount "46"]
[EventDate "2010.01.02"]
[EventType "swiss"]
[EventRounds "11"]
[EventCountry "NZL"]
[SourceTitle "CBM 134 Extra"]
[Source "ChessBase"]
[SourceDate "2010.03.03"]
[SourceVersion "1"]
[SourceVersionDate "2010.03.03"]
[SourceQuality "1"]

1. e4 c5 2. Nf3 d6 3. d4 cxd4 4. Nxd4 Nf6 5. Nc3 a6 6. Bg5 e6 7. f4 Be7 8. Qf3 h6 9. Bxf6 Bxf6 10. 0-0-0 Qc7 11. Bb5+ Nc6 12. Bxc6+ bxc6 13. g4 Rb8 14. e5 dxe5 15. Qxc6+ Qd7 16. fxe5 Bxe5 17. Qe4 Qc7 18. Nc6 Bf4+ 19. Kb1 Bd7 20. Nd5 Qxc6 21. Qxf4 Rc8 22. Rhf1 Rf8 23. Nc3 Rd8 1/2-1/2

[Event "NZL-ch 117th"]
[Site "Auckland"]
[Date "2010.01.10"]
[Round "9"]
[White "Fuatai, Fuatai"]
[Black "Jackson, L Ross"]
[Result "1-0"]
[WhiteElo "2022"]
[BlackElo "2008"]
[PlyCount "51"]
[EventDate "2010.01.02"]
[EventType "swiss"]
[EventRounds "11"]
[EventCountry "NZL"]
[SourceTitle "CBM 134 Extra"]
[Source "ChessBase"]
[SourceDate "2010.03.03"]
[SourceVersion "1"]
[SourceVersionDate "2010.03.03"]
[SourceQuality "1"]

1. e4 c5 2. Nf3 d6 3. d4 cxd4 4. Nxd4 Nf6 5. Nc3 g6 6. Be3 Bg7 7. f3 0-0 8. Qd2 Nc6 9. 0-0-0 d5 10. Qe1 e5 11. Nxc6 bxc6 12. exd5 Nxd5 13. Bc5 Qg5+ 14. Kb1 Nxc3+ 15. Qxc3 e4 16. Qa3 Bxb2 17. Kxb2 Rb8+ 18. Ka1 Rd8 19. Rxd8+ Qxd8 20. Be2 Qf6+ 21. c3 exf3 22. Bxf3 Be6 23. Bd4 Qf4 24. Qc1 Qc7 25. Qa3 Qb7 26. Be4 1-0

[Event "NZL-ch 117th"]
[Site "Auckland"]
[Date "2010.01.08"]
[Round "7"]
[White "Fuatai, Fuatai"]
[Black "Davis, Justin"]
[Result "0-1"]
[WhiteElo "2022"]
[BlackElo "1939"]
[PlyCount "110"]
[EventDate "2010.01.02"]
[EventType "swiss"]
[EventRounds "11"]
[EventCountry "NZL"]
[SourceTitle "CBM 134 Extra"]
[Source "ChessBase"]
[SourceDate "2010.03.03"]
[SourceVersion "1"]
[SourceVersionDate "2010.03.03"]
[SourceQuality "1"]

1. e4 d5 2. exd5 Qxd5 3. Nc3 Qd6 4. Nf3 Nf6 5. h3 g6 6. d4 Bg7 7. Be3 a6 8. Qd2 0-0 9. Bh6 Nc6 10. Bxg7 Kxg7 11. Be2 Rd8 12. 0-0-0 b5 13. h4 b4 14. Na4 Qd5 15. b3 Qa5 16. h5 Bf5 17. hxg6 Bxg6 18. Qh6+ Kg8 19. Nh4 Nxd4 20. Bc4 Nf5 21. Rxd8+ Rxd8 22. Qg5 Qe5 23. Nb2 Ne4 24. Nxg6 Qxb2+ 25. Kxb2 Nxg5 26. Ne5 a5 27. Rh5 h6 28. f4 Ng7 29. Rxh6 N5e6 30. g4 Rd4 31. f5 Ng5 32. Ng6 Ne8 33. Rh8+ Kg7 34. Rxe8 fxg6 35. Rxe7+ Kf6 36. Rxc7 gxf5 37. Rc6+ Kg7 38. gxf5 Ne4 39. Ra6 Nc3 40. a3 Rd1 41. axb4 axb4 42. Ra1 Rd4 43. Bd3 Rf4 44. Re1 Rh4 45. Re7+ Kf8 46. Rb7 Rg4 47. Bc4 Nd1+ 48. Kc1 Nc3 49. Kb2 Nd1+ 50. Ka1 Ne3 51. Bd3 Nd1 52. Kb1 Nc3+ 53. Kc1 Rg2 54. Rc7 Rg1+ 55. Kd2 Rd1+ 0-1